| 000 | 00892nam a2200253 i 4500 | ||
|---|---|---|---|
| 001 | 37766 | ||
| 003 | ES-MaACL | ||
| 005 | 20251005063036.0 | ||
| 007 | t| | ||
| 008 | 030221s1907 sp |||| | spa d | ||
| 080 | _a94(64)"19" | ||
| 080 | _a908(64) | ||
| 100 | 1 |
_aCaballero de Puga, Eduardo, _d1847-1943 _933103 |
|
| 245 | 1 | 0 |
_aMarruecos _b: política e intereses de España en este Imperio / _cpor Eduardo Caballero de Puga. |
| 260 |
_aMadrid : _b[s.n.], _c1907 ( _fImp. de Eduardo Arias) |
||
| 300 |
_a32 p., [5] h. de lám. ; _c24 cm. |
||
| 530 | _aDisponible también en sitio web. | ||
| 651 | 4 |
_aMarruecos- _xHistoria- _yS.XX. _99031 |
|
| 651 | 4 |
_aMarruecos- _xDescripción. _99025 |
|
| 852 |
_aES-MaACL _jT-1394-F-11 |
||
| 852 |
_aES-MaACL _jFol-Laf-167 |
||
| 856 |
_uhttp://www.archive.org/details/marruecospoltic00pugagoog _zIr a la página |
||
| 999 |
_c37766 _d37766 |
||